The youngest musician / (Record no. 8440)
[ view plain ]
| 000 -LEADER | |
|---|---|
| fixed length control field | 01046nam a22002777a 4500 |
| 001 - CONTROL NUMBER | |
| control field | 8440 |
| 003 - CONTROL NUMBER IDENTIFIER | |
| control field | FISKH |
| 005 - DATE AND TIME OF LATEST TRANSACTION | |
| control field | 20250912093455.0 |
| 008 - FIXED-LENGTH DATA ELEMENTS--GENERAL INFORMATION | |
| fixed length control field | 250912b cb ||||| |||| 00| 0 eng d |
| 040 ## - CATALOGING SOURCE | |
| Original cataloging agency | FISKH |
| Language of cataloging | eng |
| Transcribing agency | FISKH |
| Modifying agency | FISKH |
| 082 ## - DEWEY DECIMAL CLASSIFICATION NUMBER | |
| Classification number | 780 |
| 100 ## - MAIN ENTRY--PERSONAL NAME | |
| Personal name | Wheeler, Opal |
| 245 ## - TITLE STATEMENT | |
| Title | The youngest musician / |
| Statement of responsibility, etc. | Opal Wheeler and Sybil Deucher ; illustrate by Jack Hearne |
| 250 ## - EDITION STATEMENT | |
| Edition statement | This edition published in 1972 |
| 260 ## - PUBLICATION, DISTRIBUTION, ETC. | |
| Place of publication, distribution, etc. | Chicago : |
| Name of publisher, distributor, etc. | Science Research Associates, |
| Date of publication, distribution, etc. | 1937 |
| 300 ## - PHYSICAL DESCRIPTION | |
| Extent | 32 pages : |
| Other physical details | color illustrations ; |
| Dimensions | 21 cm |
| 505 ## - FORMATTED CONTENTS NOTE | |
| Formatted contents note | H<br/> |
| 520 ## - SUMMARY, ETC. | |
| Summary, etc. | It's a happy life for Sebastian until he is ten years old. Everyone in the Bach household makes music. Sebastian sings and plays the violin, and his parents are proud of him. Then he is sent to live with his grown-up brother, Christoph |
| 521 8# - TARGET AUDIENCE NOTE | |
| Target audience note | 430<br/> |
| Source | Lexile estimate<br/> |
| 521 8# - TARGET AUDIENCE NOTE | |
| Target audience note | H<br/> |
| Source | Raz-Plus<br/> |
| 650 ## - SUBJECT ADDED ENTRY--TOPICAL TERM | |
| Topical term or geographic name entry element | Musicians |
| Form subdivision | History |
| 700 ## - ADDED ENTRY--PERSONAL NAME | |
| Personal name | Deucher, Sybil |
| Relator term | Author |
| 700 ## - ADDED ENTRY--PERSONAL NAME | |
| Personal name | Hearne, Jack |
| Relator term | illustrator |
| 942 ## - ADDED ENTRY ELEMENTS (KOHA) | |
| Source of classification or shelving scheme | Dewey Decimal Classification |
| Koha item type | Books |
| Suppress in OPAC | No |
| Withdrawn status | Lost status | Source of classification or shelving scheme | Damaged status | Not for loan | Collection | Home library | Current library | Shelving location | Date acquired | Total Checkouts | Full call number | Barcode | Date last seen | Copy number | Price effective from | Koha item type |
|---|---|---|---|---|---|---|---|---|---|---|---|---|---|---|---|---|
| Dewey Decimal Classification | Non-Fiction | Footprints International School Library Network Toul Kork Campus | Footprints International School Library Network Toul Tom Poung Campus | TTP Primary Dark Blue Bookshelves | 09/12/2025 | WHE 780 PZ7 | FISBK04251 | 09/12/2025 | 1 | 09/12/2025 | Books |
